Score 0/31 Timer 05:00
0 Plays Today
Hint 4-Letter Word % Correct
First name of main character from Yu-Gi-Oh!YUGI
91.5%
Last name of main character in GXYUKI
80.6%
What do geese and car horns do?HONK
70.9%
Use ____ Synchron to Synchro summon ____ WarriorJUNK
69.8%
Cats often ____ themselvesLICK
68.7%
He hates being called ZeldaLINK
67.2%
You can turn the volume down or just hit the ____ buttonMUTE
66.3%
Last name of main character from 5D'sFUDO
66%
Last name of main character from Yu-Gi-Oh!MUTO
66%
Solve a crossword and a ____ku puzzleSUDO
65.7%
Martial art and sport created in JapanJUDO
65.1%
What do you get from a donkey and a horse?MULE
64.2%
First name of main character from ZEXALYUMA
58.6%
Large piece of somethingHUNK
57.4%
First name of main character from ARC-VYUYA
55.2%
Movie that inspired teen momsJUNO
54.9%
Hint 4-Letter Word % Correct
Return a monster to the hand using Neo-Spacian Grand ____MOLE
53.3%
Discard a spell card to special summon a monster using Summoner ____MONK
50.8%
When Stardust isn't enough, summon Stardust Dragon/Assault ____MODE
49.3%
Who eats ice cream in a bowl, when you can use a ____CONE
48.3%
Tease or laugh at scornfullyMOCK
44.9%
Summon 1 Level 1 Beast-Type monster when you summon ____ CatLOCK
42.5%
Give your special summoned plant monsters a boost with Overdoom ____LINE
38.2%
Master Monk cannot be destroyed by battle when you activate ____ WolfLONE
38.2%
Overlay 2 Level 4 Beast-Type monsters to Xyz summon ____ King DogSUMO
34.9%
Slavic name for GeorgeYURI
33.4%
Remove 2 A-counters with ____ A Ancient Ruins to summon an AlienCODE
30.8%
Tribute Beast-Warrior ____ to add D.D. Ester Star Sparrow to your handPUMA
25.9%
South Korean idol singer and actress Kim ____YURA
24%
To double a monster's ATK, use the spell ____ UpPUMP
22.8%
Low space that collects unused liquidsSUMP
21.7%
Remove Ads.
Support Sporcle.
Get the best of Sporcle when you Go Orange. This ad-free experience offers more features, more stats, and more fun while also helping to support Sporcle. Thank you for becoming a member.

You're not logged in!

Compare scores with friends on all Sporcle quizzes.
OR
Log In

Show Comments

Extras

Top Quizzes Today


Score Distribution

Your Account Isn't Verified!

In order to create a playlist on Sporcle, you need to verify the email address you used during registration. Go to your Sporcle Settings to finish the process.

Report this User

Report this user for behavior that violates our Community Guidelines.

Details: